000 00448nam a2200121Ia 4500
008 220616s9999||||xx |||||||||||||| ||und||
100 _aSoederberg, Susanne
245 0 _aDebtfare States and the Poverty Industry
_bMoney, Discipline and the Surplus Population
546 _aEnglish[eng]
650 _aPolitical Science||International Relations
856 _uhttps://library.oapen.org/bitstream/20.500.12657/47713/1/oa-9781317646730.pdf
942 _cEB
999 _c21035
_d21035